000 00641cab a2200241 4500
001 ABS59704
008 090401t1998 xxu||||| |||| 00| 0 eng d
035 _a(Sirsi) u89728
041 _aeng
100 _aDemetri, G.
245 _aMaps of the future
260 _c1998
350 _a0
490 _aBuilding
_v263(8064) 13 November 1998, 74-75(2)
520 _aDiscusses the benefits of geographic information systems (GISs) and the main users in the UK.
650 _aGIS
650 _aLAND SALES
650 _aORDNANCE SURVEY
650 _aUSERS
690 _aMAPPING AND MEASUREMENT
942 _n0
948 _c17/11/1998
999 _c56785
_d56785